Foreign rights and interests in China / (رقم التسجيلة. 141693)

تفاصيل مارك
000 -LEADER
fixed length control field 01205cam a22003491a 4500
008 - FIXED-LENGTH DATA ELEMENTS--GENERAL INFORMATION
fixed length control field 730730s1927 mdu b 001 0 eng
010 ## - LIBRARY OF CONGRESS CONTROL NUMBER
LC control number 27003454
040 ## - CATALOGING SOURCE
Original cataloging agency DLC
Transcribing agency PPi
Modifying agency FTaSU
-- MoSU-L
-- DLC
042 ## - AUTHENTICATION CODE
Authentication code premarc
043 ## - GEOGRAPHIC AREA CODE
Geographic area code a-cc---
-- a-ja---
050 00 - LIBRARY OF CONGRESS CALL NUMBER
Classification number JX1570.Z7
Item number J4 1927
092 04 - LOCALLY ASSIGNED DEWEY CALL NUMBER (OCLC)
Classification number 327.51
Item number W739
Edition number 21
099 ## - LOCAL FREE-TEXT CALL NUMBER (OCLC)
Classification number 04
-- 327.51 W739
100 1# - MAIN ENTRY--PERSONAL NAME
Personal name Willoughby, Westel Woodbury,
Dates associated with a name 1867-1945.
245 10 - TITLE STATEMENT
Title Foreign rights and interests in China /
Statement of responsibility, etc. by Westel W. Willoughby.
250 ## - EDITION STATEMENT
Edition statement Rev. and enl. ed.
260 ## - PUBLICATION, DISTRIBUTION, ETC.
Place of publication, distribution, etc. Baltimore :
Name of publisher, distributor, etc. Johns Hopkins Press,
Date of publication, distribution, etc. 1927.
300 ## - PHYSICAL DESCRIPTION
Extent 2 v. (xxxvi, 1153 p.) ;
Dimensions 24 cm.
440 #0 - SERIES STATEMENT/ADDED ENTRY--TITLE
Title Semicentennial publications of the Johns Hopkins University, 1876-1926
504 ## - BIBLIOGRAPHY, ETC. NOTE
Bibliography, etc. note Includes bibliographical references and index.
590 ## - LOCAL NOTE (RLIN)
Local note Library has v.1 only.
650 #0 - SUBJECT ADDED ENTRY--TOPICAL TERM
Topical term or geographic name entry element Exterritoriality.
651 #0 - SUBJECT ADDED ENTRY--GEOGRAPHIC NAME
Geographic name China
General subdivision Economic conditions
Chronological subdivision 1912-1949.
651 #0 - SUBJECT ADDED ENTRY--GEOGRAPHIC NAME
Geographic name China
General subdivision Foreign relations.
651 #0 - SUBJECT ADDED ENTRY--GEOGRAPHIC NAME
Geographic name China
General subdivision Foreign relations
Geographic subdivision Japan.
651 #0 - SUBJECT ADDED ENTRY--GEOGRAPHIC NAME
Geographic name Japan
General subdivision Foreign relations
Geographic subdivision China.
902 ## - LOCAL DATA ELEMENT B, LDB (RLIN)
No. of Items 1
905 ## - LOCAL DATA ELEMENT E, LDE (RLIN)
Cataloger Eman
Reviser Rev.
905 ## - LOCAL DATA ELEMENT E, LDE (RLIN)
Cataloger Jamal
Reviser Cat.
942 ## - ADDED ENTRY ELEMENTS (KOHA)
Source of classification or shelving scheme Dewey Decimal Classification
Koha item type Books
المقتنيات
Source of classification or shelving scheme Not for loan Home library Current library Date acquired Full call number Barcode Date last seen Copy number Koha item type
Dewey Decimal Classification   المكتبة المركزبة الجديدة - جامعة القاهرة قاعة الثقاقات الاجنبية - الدور الثالث 11.02.2024 327.51 W739 Am.W. 01000110200702001 05.07.2024 C.1 Books
Cairo University Libraries Portal Implemented & Customized by: Eng. M. Mohamady Contacts: new-lib@cl.cu.edu.eg | cnul@cl.cu.edu.eg
CUCL logo CNUL logo
© All rights reserved — Cairo University Libraries
CUCL logo
Implemented & Customized by: Eng. M. Mohamady Contact: new-lib@cl.cu.edu.eg © All rights reserved — New Central Library
CNUL logo
Implemented & Customized by: Eng. M. Mohamady Contact: cnul@cl.cu.edu.eg © All rights reserved — Cairo National University Library